000 01145 a2200193 4500
001 59423
005 20260407155848.0
008 260407a arg spa d
003 AR-UNSa-BCEJYS
040 _aAR-UNSa-BCEJYS
_bspa
_cAR-UNSa-BCEJYS
080 _a338.2(8)
_xPolítica económica. Control de la economía. gestión de la economía. planificación económica en América Latina
245 1 0 _aExcenciones arancelarias e integración
264 1 _aBuenos Aires :
_bBID/INTAL (Banco Interamericano de Desarrollo. Instituto para la integración de América Latina)
300 _a273 p.
_c23 cm.
505 _a1. Análisis general - 2. Estimaciones para Argentina, Bolivia, Brasil, Colombia y México - 3. Estimaciones para Ecuador, Paraguay, Uruguay y Panamá - 4. Exenciones arancelarias en Argentina - 5. Exenciones arancelarias en Bolivia - 6. Exenciones arancelarias en Brasil - 7. Exenciones arancelarias en Colombia - 8. Exenciones arancelarias en Guatemala
942 _cBK
590 _aniveau_biblio:m niveau_hierar:0
100 1 _aBanco Interamericano de Desarrollo. Instituto para la Integración de América Latina (BID-INTAL)
999 _c6678
_d6678